Langage de programmation les plus populaires - Statistiques

Statistiques générales
  • Ce quiz a été pris 524 fois
  • Le résultat moyen est 10 sur 20
Statistiques - réponses
Pourcentage Langage % Correct
14% C
97%
8% C++
97%
5% C#
97%
15% Python
96%
12% Java
95%
2% JavaScript
81%
1% R
72%
2% PHP
63%
1% Ruby
53%
2% SQL
44%
2% Assembleur
36%
1% Go
35%
1% Swift
33%
1% Delphi / Pascal Objet
22%
1% MATLAB
19%
5% Visual Basic
19%
1% Visual Basic original
19%
1% Perl
15%
1% Objective-C
12%
1% Groovy
3%
Aucun quiz correspondant
Distribution des résultats
% des personnes avec chaque résultat
Percentile par nombre de réponses
Votre historique - résultats
Vous n’avez pas pris ce quiz